[Event "287th YMCA Spring B"]
[Site "Warsaw"]
[Date "2024.05.29"]
[Round "8"]
[White "Pietrzak, Wojciech"]
[Black "Mazurek, Jerzy"]
[Result "0-1"]
[WhiteElo "1856"]
[BlackElo "1839"]
[PlyCount "104"]
[EventDate "2024.04.10"]
[EventType "tourn"]
[EventRounds "1"]
[EventCountry "POL"]
[SourceDate "2024.04.10"]

1. e4 c5 2. Nf3 Nc6 3. c3 Nf6 4. e5 Nd5 5. d4 cxd4 6. Bc4 Nb6 7. Bb3 d5 8. exd6
e6 9. cxd4 Bxd6 10. O-O O-O 11. Nc3 Nb4 12. Bg5 Be7 13. Bxe7 Qxe7 14. d5 N4xd5
15. Bxd5 Nxd5 16. Nxd5 exd5 17. Nd4 Qf6 18. Qa4 Bd7 19. Qxd7 Qxd4 20. Rad1 Qxb2
21. Qxd5 b6 22. Rd2 Qf6 23. Rfd1 g6 24. g3 Rae8 25. Qb7 Re7 26. Rd7 Re2 27. Qg2
Rfe8 28. h4 Rxa2 29. R7d6 Re6 30. Rxe6 Qxe6 31. Rd8+ Kg7 32. Qf3 Qe1+ 33. Kg2
Ra1 34. Kh3 Qh1+ 35. Qxh1 Rxh1+ 36. Kg4 h5+ 37. Kf4 a5 38. Rb8 Rb1 39. Ke5 Rb4
40. Kd5 a4 41. Ra8 Rb5+ 42. Kc4 Ra5 43. Re8 a3 44. Re1 a2 45. Ra1 Kf6 46. f3
Ra3 47. g4 hxg4 48. fxg4 Ra4+ 49. Kb5 Rxg4 50. Rxa2 Rxh4 51. Rf2+ Ke6 52. Kxb6
Rc4 0-1

[Event "287th YMCA Spring B"]
[Site "Warsaw"]
[Date "2024.06.07"]
[Round "9"]
[White "Sypula, Krzysztof"]
[Black "Pietrzak, Wojciech"]
[Result "1/2-1/2"]
[WhiteElo "1758"]
[BlackElo "1856"]
[PlyCount "61"]
[EventDate "2024.04.10"]
[EventType "tourn"]
[EventRounds "1"]
[EventCountry "POL"]
[SourceDate "2024.04.10"]

1. c4 e5 2. Nc3 Bb4 3. Qb3 Bxc3 4. Qxc3 Nc6 5. e3 d6 6. Be2 Nge7 7. d3 Ng6 8.
Nf3 Bd7 9. b4 Qe7 10. Bb2 f6 11. b5 Nd8 12. a4 Ne6 13. Qc2 O-O 14. O-O Rae8 15.
Rfe1 f5 16. Bf1 Ng5 17. Nxg5 Qxg5 18. d4 Nh4 19. Kh1 Rf6 20. f3 Rh6 21. dxe5
dxe5 22. Qf2 Ng6 23. Rad1 Be6 24. g3 Qe7 25. f4 Qb4 26. Qc2 exf4 27. Bc3 Qc5
28. Bd4 Qb4 29. Bc3 Qc5 30. Bd4 Qb4 31. Bc3 1/2-1/2

[Event "287th YMCA Spring B"]
[Site "Warsaw"]
[Date "2024.06.20"]
[Round "9"]
[White "Kwiecinski, Rafal"]
[Black "Kacprzak, Karol"]
[Result "0-1"]
[WhiteElo "1759"]
[BlackElo "1810"]
[PlyCount "90"]
[EventDate "2024.04.10"]
[EventType "tourn"]
[EventRounds "1"]
[EventCountry "POL"]
[SourceDate "2024.04.10"]

1. e4 c6 2. d4 d5 3. e5 Bf5 4. Nf3 e6 5. a3 c5 6. Bb5+ Nd7 7. O-O a6 8. Bxd7+
Qxd7 9. c3 cxd4 10. cxd4 Ne7 11. Re1 Nc6 12. Bd2 Be7 13. Bc3 O-O 14. Nbd2 b5
15. b4 a5 16. Qb3 axb4 17. axb4 Qb7 18. Nf1 Rxa1 19. Rxa1 Ra8 20. Ra3 Rxa3 21.
Qxa3 Qa7 22. Qb2 Qa4 23. Ne3 Bg6 24. Nd2 Nxb4 25. Bxb4 Qxb4 26. Qxb4 Bxb4 27.
Nb3 Bd3 28. f4 Bc4 29. Nc2 Bc3 30. Nba1 b4 31. Kf2 Bxa1 32. Nxa1 b3 33. Nxb3
Bxb3 34. g4 f6 35. Ke3 fxe5 36. dxe5 Bc2 37. Kd4 g6 38. Kc3 Bd1 39. h3 Kf7 40.
Kd2 Bf3 41. Kc3 h5 42. gxh5 gxh5 43. h4 Kg6 44. Kd4 Kf5 45. Ke3 Bg4 0-1

[Event "287th YMCA Spring B"]
[Site "Warsaw"]
[Date "2024.06.04"]
[Round "9"]
[White "Szukalski, Antoni"]
[Black "Sternik, Piotr"]
[Result "1/2-1/2"]
[WhiteElo "1792"]
[BlackElo "1875"]
[PlyCount "54"]
[EventDate "2024.04.10"]
[EventType "tourn"]
[EventRounds "1"]
[EventCountry "POL"]
[SourceDate "2024.04.10"]

1. e4 c5 2. Nf3 Nc6 3. d4 cxd4 4. Nxd4 g6 5. Nc3 Bg7 6. Be3 Nf6 7. Bc4 O-O 8.
h3 Nxe4 9. Bxf7+ Rxf7 10. Nxe4 d5 11. Ng5 Rf6 12. O-O e5 13. Nxc6 bxc6 14. Nf3
Rf5 15. c3 Qf6 16. Qa4 Rxf3 17. gxf3 Bxh3 18. f4 d4 19. cxd4 exf4 20. Bxf4 Bxf1
21. Qb3+ Kh8 22. Be5 Qg5+ 23. Kxf1 Bxe5 24. dxe5 Qxe5 25. Qc2 Qb5+ 26. Kg1 Re8
27. Rd1 Qg5+ 1/2-1/2

[Event "287th YMCA Spring B"]
[Site "Warsaw"]
[Date "2024.06.06"]
[Round "9"]
[White "Pettersson, Alexander"]
[Black "Kania, Tomasz"]
[Result "1/2-1/2"]
[WhiteElo "1856"]
[BlackElo "1833"]
[PlyCount "65"]
[EventDate "2024.04.10"]
[EventType "tourn"]
[EventRounds "1"]
[EventCountry "POL"]
[SourceDate "2024.04.10"]

1. d4 Nf6 2. c4 e6 3. Nc3 Bb4 4. Bd2 O-O 5. Nf3 c5 6. e3 d5 7. Bd3 dxc4 8. Bxc4
cxd4 9. Nxd4 a6 10. O-O e5 11. Nc2 Be7 12. e4 Bg4 13. f3 Be6 14. Bxe6 fxe6 15.
Be3 Qe8 16. Qe2 Nc6 17. Rad1 Rd8 18. Bb6 Rxd1 19. Rxd1 Nd7 20. Be3 Bc5 21. Bxc5
Nxc5 22. b4 Nd7 23. a4 Qe7 24. Qc4 Nb6 25. Qb3 Rc8 26. a5 Nd7 27. Na4 Rd8 28.
Qc4 Nf6 29. Rxd8+ Qxd8 30. Nc5 Qd1+ 31. Kf2 Nxb4 32. Nxb4 Qd2+ 33. Kf1 $11
1/2-1/2

[Event "287th YMCA Spring B"]
[Site "Warsaw"]
[Date "2024.06.06"]
[Round "9"]
[White "Pichurko, Jakub"]
[Black "Kasperski, Marcin"]
[Result "1-0"]
[WhiteElo "1762"]
[BlackElo "1766"]
[PlyCount "79"]
[EventDate "2024.04.10"]
[EventType "tourn"]
[EventRounds "1"]
[EventCountry "POL"]
[SourceDate "2024.04.10"]

1. d4 Nf6 2. Bg5 d5 3. e3 Nbd7 4. Nd2 e6 5. f4 Be7 6. Bd3 c5 7. c3 Qc7 8. Ngf3
b6 9. O-O Bb7 10. Ne5 O-O-O 11. Nxf7 h6 12. Nxd8 Bxd8 13. Bh4 Nf8 14. f5 e5 15.
Bg3 N6d7 16. Nf3 Bf6 17. Qe2 c4 18. Bc2 Qd6 19. e4 b5 20. Rad1 Qb6 21. Bf2 Qc7
22. Rfe1 exd4 23. cxd4 dxe4 24. Bxe4 Nb6 25. Bxb7+ Kxb7 26. Qe8 Ka6 27. Ne5 Nd5
28. a4 bxa4 29. Qxa4+ Kb7 30. Ra1 a5 31. Qb5+ Nb6 32. Rxa5 Nfd7 33. Rea1 Bxe5
34. Ra7+ Kc8 35. Rxc7+ Bxc7 36. d5 Rf8 37. d6 Bd8 38. Ra7 Rf7 39. Qc6+ Kb8 40.
Qb7# 1-0

[Event "287th YMCA Spring B"]
[Site "Warsaw"]
[Date "2024.05.20"]
[Round "10"]
[White "Pajak, Jakub"]
[Black "Kasperski, Marcin"]
[Result "1-0"]
[WhiteElo "1887"]
[BlackElo "1766"]
[PlyCount "111"]
[EventDate "2024.04.10"]
[EventType "tourn"]
[EventRounds "1"]
[EventCountry "POL"]
[SourceDate "2024.04.10"]

1. e4 e6 2. d4 d5 3. Nc3 Nf6 4. Bg5 Be7 5. e5 Nfd7 6. Bxe7 Qxe7 7. f4 a6 8. Nf3
c5 9. Qd2 Nc6 10. O-O-O b5 11. dxc5 Nxc5 12. Nd4 Bd7 13. Nb3 b4 14. Nxc5 Qxc5
15. Ne4 Qa5 16. Kb1 O-O 17. Ng5 f6 18. exf6 gxf6 19. Nf3 Rac8 20. Bd3 Qb6 21.
Qe1 Rf7 22. Qg3+ Rg7 23. Qh4 Rf8 24. Rhe1 a5 25. g4 e5 26. fxe5 fxe5 27. Nxe5
Nxe5 28. Rxe5 Qf6 29. Qxf6 Rxf6 30. Rxd5 Bxg4 31. Rd8+ Kf7 32. Re1 Be6 33. b3
Rg2 34. Bxh7 Rxh2 35. Bg8+ Ke7 36. Ra8 Rhh6 37. Rxa5 Kd8 38. Bxe6 Rxe6 39. Rxe6
Rxe6 40. Rb5 Re4 41. Kb2 Kc7 42. Rc5+ Kb6 43. Rc4 Rxc4 44. bxc4 Kc6 45. Kb3 Kc5
46. c3 bxc3 47. Kxc3 Kc6 48. Kd4 Kd6 49. c5+ Kc6 50. Kc4 Kc7 51. Kd5 Kd7 52.
c6+ Kc7 53. Kc5 Kc8 54. Kd6 Kd8 55. a3 Kc8 56. c7 1-0

[Event "287th YMCA Spring B"]
[Site "Warsaw"]
[Date "2024.06.13"]
[Round "10"]
[White "Kania, Tomasz"]
[Black "Pichurko, Jakub"]
[Result "1/2-1/2"]
[WhiteElo "1833"]
[BlackElo "1762"]
[PlyCount "30"]
[EventDate "2024.04.10"]
[EventType "tourn"]
[EventRounds "1"]
[EventCountry "POL"]
[SourceDate "2024.04.10"]

1. e4 Nf6 2. e5 Nd5 3. d4 d6 4. Nf3 dxe5 5. Nxe5 c6 6. c4 Nc7 7. Be2 g6 8. O-O
Bg7 9. Nc3 O-O 10. Be3 Nd7 11. Nf3 e5 12. Qc2 exd4 13. Nxd4 Ne5 14. Rad1 Qe7
15. h3 Be6 $11 1/2-1/2

[Event "287th YMCA Spring B"]
[Site "Warsaw"]
[Date "2024.06.13"]
[Round "10"]
[White "Sternik, Piotr"]
[Black "Pettersson, Alexander"]
[Result "1-0"]
[WhiteElo "1875"]
[BlackElo "1856"]
[PlyCount "59"]
[EventDate "2024.04.10"]
[EventType "tourn"]
[EventRounds "1"]
[EventCountry "POL"]
[SourceDate "2024.04.10"]

1. d4 Nf6 2. c4 d6 3. Nc3 e5 4. e4 Nbd7 5. Nf3 g6 6. Be2 Bg7 7. h3 O-O 8. O-O
Re8 9. dxe5 dxe5 10. Bg5 c6 11. Qc2 Qc7 12. b4 a5 13. a3 Nf8 14. Be3 Ne6 15. b5
Nh5 16. Rfd1 Nhf4 17. Bf1 Rd8 18. Rxd8+ Qxd8 19. Rd1 Qe7 20. Na4 Qxa3 21. c5
Nf8 22. Nb6 Rb8 23. Nc4 Qb4 24. Rb1 cxb5 25. Rxb4 axb4 26. Ncxe5 N8e6 27. Qb3
f6 28. Bxf4 fxe5 29. Bxe5 Ra8 30. Bxg7 1-0

[Event "287th YMCA Spring B"]
[Site "Warsaw"]
[Date "2024.05.24"]
[Round "10"]
[White "Kacprzak, Karol"]
[Black "Szukalski, Antoni"]
[Result "1/2-1/2"]
[WhiteElo "1810"]
[BlackElo "1792"]
[PlyCount "71"]
[EventDate "2024.04.10"]
[EventType "tourn"]
[EventRounds "1"]
[EventCountry "POL"]
[SourceDate "2024.04.10"]

1. c4 Nf6 2. Nc3 e6 3. e4 d6 4. d4 Be7 5. Nf3 Nbd7 6. Be2 e5 7. O-O O-O 8. Bg5
c6 9. b4 a6 10. a4 Nd5 11. exd5 Bxg5 12. dxc6 bxc6 13. Nxg5 Qxg5 14. Bf3 Rb8
15. Bxc6 Rxb4 16. Ne4 Qe7 17. Bxd7 Bxd7 18. dxe5 dxe5 19. Qd6 Qxd6 20. Nxd6
Bxa4 21. Rfc1 Ra8 22. f3 a5 23. Kf2 Bc6 24. Ke3 a4 25. Kd2 Kf8 26. Ra3 Rab8 27.
Kc3 Ke7 28. Nb5 Rb3+ 29. Rxb3 axb3 30. Kb4 f5 31. Rb1 e4 32. Rxb3 exf3 33. gxf3
g5 34. Re3+ Kf6 35. Kc5 Re8 36. Ra3 $11 1/2-1/2

[Event "287th YMCA Spring B"]
[Site "Warsaw"]
[Date "2024.06.14"]
[Round "10"]
[White "Pietrzak, Wojciech"]
[Black "Kwiecinski, Rafal"]
[Result "1-0"]
[WhiteElo "1856"]
[BlackElo "1759"]
[PlyCount "79"]
[EventDate "2024.04.10"]
[EventType "tourn"]
[EventRounds "1"]
[EventCountry "POL"]
[SourceDate "2024.04.10"]

1. e4 e6 2. c4 c5 3. Nf3 Nc6 4. d4 cxd4 5. Nxd4 d6 6. Be2 Be7 7. O-O Nf6 8. Nc3
O-O 9. Nc2 b6 10. f4 g6 11. Be3 Rb8 12. Qd2 a6 13. a4 Qc7 14. g4 Bb7 15. g5 Nd7
16. b4 Nd8 17. f5 gxf5 18. exf5 Ne5 19. f6 Bxf6 20. gxf6 Qc6 21. Kf2 Qg2+ 22.
Ke1 Qxh2 23. Bh6 Ndc6 24. Qf4 Qh3 25. Rg1+ Ng6 26. Rg3 e5 27. Rxh3 exf4 28.
Bxf8 Rxf8 29. Nd5 Re8 30. Kd2 Nce5 31. Rg1 f3 32. Bxf3 Nxc4+ 33. Kc3 Bxd5 34.
Bxd5 Nce5 35. Nd4 Rc8+ 36. Kb3 a5 37. Nf5 Kh8 38. Ne7 Rc7 39. Rxh7+ Kxh7 40.
Rh1+ 1-0

[Event "287th YMCA Spring B"]
[Site "Warsaw"]
[Date "2024.06.12"]
[Round "10"]
[White "Mazurek, Jerzy"]
[Black "Sypula, Krzysztof"]
[Result "1/2-1/2"]
[WhiteElo "1839"]
[BlackElo "1758"]
[PlyCount "118"]
[EventDate "2024.04.10"]
[EventType "tourn"]
[EventRounds "1"]
[EventCountry "POL"]
[SourceDate "2024.04.10"]

1. e4 b6 2. d4 Bb7 3. Nc3 e6 4. a3 Nf6 5. Bd3 c5 6. Nf3 d5 7. exd5 Nxd5 8. Bb5+
Bc6 9. Ne5 Bxb5 10. Nxb5 a6 11. Nc3 Nxc3 12. Qf3 Ra7 13. bxc3 Qd5 14. Qg3 Nd7
15. Nxd7 Rxd7 16. O-O Qb7 17. dxc5 bxc5 18. Bf4 f6 19. Rab1 Qc6 20. Rb8+ Kf7
21. Rfb1 Qe4 22. h4 e5 23. Be3 Rg8 24. Qh3 f5 25. Rc8 Bd6 26. Rxg8 Kxg8 27. Rd1
Qxc2 28. Rd2 Qb1+ 29. Kh2 g6 30. h5 e4+ 31. g3 Qb7 32. Qh4 Be7 33. Rxd7 Qxd7
34. Qf4 Qd6 35. Qh6 Bf8 36. Qg5 h6 37. Qxg6+ Qxg6 38. hxg6 Kg7 39. c4 Kxg6 40.
Kh3 h5 41. a4 Be7 42. Kg2 Kf7 43. f3 Ke6 44. fxe4 fxe4 45. Kh2 Kf5 46. Kh3 Ke5
47. Kg2 Kd6 48. Kh3 Bf6 49. g4 hxg4+ 50. Kxg4 Bd4 51. Bd2 Ke5 52. Bf4+ Kf6 53.
Bd2 Be5 54. Be3 Bd6 55. Bf4 Bf8 56. Bd2 Ke6 57. Bf4 Bg7 58. Bd2 Kd6 59. Kf5 Bd4
$11 1/2-1/2

[Event "287th YMCA Spring B"]
[Site "Warsaw"]
[Date "2024.04.11"]
[Round "11"]
[White "Sypula, Krzysztof"]
[Black "Pajak, Jakub"]
[Result "0-1"]
[WhiteElo "1758"]
[BlackElo "1887"]
[PlyCount "72"]
[EventDate "2024.04.10"]
[EventType "tourn"]
[EventRounds "1"]
[EventCountry "POL"]
[SourceDate "2024.04.10"]

1. Nf3 d6 2. c4 e5 3. Nc3 g6 4. g3 Bg7 5. Bg2 Nf6 6. O-O O-O 7. d3 c6 8. h3 Na6
9. Kh2 Bd7 10. Rb1 Nc7 11. b4 b5 12. cxb5 Nxb5 13. Nxb5 cxb5 14. Bd2 Rc8 15.
Rc1 Qe7 16. Rxc8 Rxc8 17. Qb1 e4 18. Ne1 Bf5 19. Qb3 exd3 20. exd3 Qe2 21. Bf4
Ne8 22. Qd5 a6 23. Kg1 Be6 24. Qb7 Qxa2 25. Nf3 h6 26. d4 g5 27. Be3 d5 28. h4
Nd6 29. Qe7 Nf5 30. Qb7 Nxe3 31. fxe3 Qa3 32. hxg5 Qxe3+ 33. Kh1 hxg5 34. Qxa6
g4 35. Ne5 Qxg3 36. Nxf7 Qh4+ 0-1

[Event "287th YMCA Spring B"]
[Site "Warsaw"]
[Date "2024.06.19"]
[Round "11"]
[White "Kwiecinski, Rafal"]
[Black "Mazurek, Jerzy"]
[Result "0-1"]
[WhiteElo "1759"]
[BlackElo "1839"]
[PlyCount "76"]
[EventDate "2024.04.10"]
[EventType "tourn"]
[EventRounds "1"]
[EventCountry "POL"]
[SourceDate "2024.04.10"]

1. e4 c5 2. Nf3 Nc6 3. Bb5 Nf6 4. d3 Qa5+ 5. Nc3 Nd4 6. Bc4 b5 7. Bb3 Nxb3 8.
cxb3 d6 9. Bd2 b4 10. Ne2 Qb5 11. Bg5 Nd7 12. Qc2 h6 13. Be3 Ba6 14. Rd1 e6 15.
O-O Be7 16. Rfe1 Rc8 17. Qb1 Ne5 18. Nc1 O-O 19. Kh1 Ng4 20. Ne2 d5 21. exd5
exd5 22. h3 Nxe3 23. fxe3 Bd6 24. d4 c4 25. bxc4 Qxc4 26. Rd2 Rfe8 27. b3 Qc7
28. Rc1 Qe7 29. Rxc8 Rxc8 30. Nf4 Qxe3 31. Nxd5 Qe6 32. Nxb4 Bxb4 33. d5 Qd6
34. Rd4 Ba3 35. Qe4 Rc1+ 36. Ne1 Bb5 37. Qe3 Rb1 38. Qd2 Qe5 0-1

[Event "287th YMCA Spring B"]
[Site "Warsaw"]
[Date "2024.05.22"]
[Round "11"]
[White "Szukalski, Antoni"]
[Black "Pietrzak, Wojciech"]
[Result "0-1"]
[WhiteElo "1792"]
[BlackElo "1856"]
[PlyCount "62"]
[EventDate "2024.04.10"]
[EventType "tourn"]
[EventRounds "1"]
[EventCountry "POL"]
[SourceDate "2024.04.10"]

1. d4 d5 2. Nf3 c6 3. e3 Nf6 4. c4 dxc4 5. Bxc4 b5 6. Bd3 Bb7 7. Nc3 e6 8. O-O
Be7 9. Re1 O-O 10. a3 Nbd7 11. e4 Re8 12. e5 Nd5 13. Nxd5 exd5 14. e6 fxe6 15.
Rxe6 Nf8 16. Re1 Bf6 17. Bf4 Ne6 18. Qd2 a6 19. Rad1 c5 20. dxc5 Nxc5 21. Rxe8+
Qxe8 22. Bxh7+ Kxh7 23. Qc2+ Qe4 24. Qxc5 Qxf4 25. Qc2+ Qe4 26. Qc7 d4 27. h4
Rc8 28. Qf7 Bd5 29. Qh5+ Kg8 30. Re1 g6 31. Qh6 Qg4 0-1

[Event "287th YMCA Spring B"]
[Site "Warsaw"]
[Date "2024.06.21"]
[Round "11"]
[White "Pettersson, Alexander"]
[Black "Kacprzak, Karol"]
[Result "1/2-1/2"]
[WhiteElo "1856"]
[BlackElo "1810"]
[PlyCount "49"]
[EventDate "2024.04.10"]
[EventType "tourn"]
[EventRounds "1"]
[EventCountry "POL"]
[SourceDate "2024.04.10"]

1. d4 d5 2. Nf3 Nf6 3. e3 e6 4. Bd3 c5 5. b3 Qa5+ 6. Nbd2 Nc6 7. O-O cxd4 8.
exd4 Qc3 9. Rb1 Nxd4 10. Nxd4 Qxd4 11. Ne4 Qb4 12. Nxf6+ gxf6 13. Qf3 f5 14. c4
d4 15. a3 Qe7 16. Re1 Qf6 17. Bxf5 Be7 18. Be4 Qxf3 19. Bxf3 f6 20. Bg4 Kf7 21.
f4 d3 22. Bb2 Rd8 23. Rbd1 a5 24. Kf1 Ra6 25. Re3 $11 1/2-1/2

[Event "287th YMCA Spring B"]
[Site "Warsaw"]
[Date "2024.05.29"]
[Round "11"]
[White "Kasperski, Marcin"]
[Black "Kania, Tomasz"]
[Result "1/2-1/2"]
[WhiteElo "1766"]
[BlackElo "1833"]
[PlyCount "124"]
[EventDate "2024.04.10"]
[EventType "tourn"]
[EventRounds "1"]
[EventCountry "POL"]
[SourceDate "2024.04.10"]

1. c4 e5 2. g3 Nf6 3. Bg2 Bc5 4. Nf3 e4 5. Ng5 Bxf2+ 6. Kxf2 Ng4+ 7. Kg1 Qxg5
8. Bxe4 Qc5+ 9. e3 Nf6 10. Qc2 O-O 11. d4 Qh5 12. Bg2 d6 13. Nc3 a6 14. Bd2 Nc6
15. Nd5 Bf5 16. Nxf6+ gxf6 17. Qd1 Qg6 18. Qf3 Rfe8 19. Re1 Be4 20. Qf4 f5 21.
h3 Re7 22. Kh2 Rf8 23. Rhg1 f6 24. Bf1 Nd8 25. d5 Nf7 26. g4 Ne5 27. Be2 Kh8
28. gxf5 Qxf5 29. Qxf5 Bxf5 30. Ref1 Be4 31. Bc3 Rg7 32. Bxe5 Rxg1 33. Rxg1
fxe5 34. Rf1 Rxf1 35. Bxf1 Kg7 36. b4 b6 37. Kg3 Kg6 38. Be2 Kg5 39. Bf1 a5 40.
a3 Bc2 41. Be2 axb4 42. axb4 Be4 43. h4+ Kf5 44. Bg4+ Kf6 45. Be2 Bf5 46. Bf1
Kg6 47. Be2 Be4 48. Kg4 Bf5+ 49. Kg3 Bc2 50. Kg4 Bf5+ 51. Kg3 h6 52. Bf1 Be4
53. Kg4 Bf5+ 54. Kg3 Bc2 55. Kg4 Bd1+ 56. Kg3 Kf6 57. Bd3 Bh5 58. Kh3 Bd1 59.
Kg3 Bh5 60. Kh3 Bf3 61. Kg3 Bd1 62. Kf2 Bg4 $11 1/2-1/2